Statistics for Zendaya Movies

Click here to take the quiz!

General Stats

  • This quiz has been taken 107 times
    (89 since last reset)
  • The average score is 9 of 16

Answer Stats

HintAnswer% Correct
2019Spider-Man: Far From Home
95%
2017Spider-Man: Homecoming
95%
2021Spider-Man: No Way Home
95%
2021Dune
86%
2023Dune: Part Two
86%
2017The Greatest Showman
71%
TBDThe Greatest Showman 2
71%
2014Zapped
64%
2021Space Jam : A New Legacy
47%
2021Malcolm and Marie
46%
2012Frenemies
45%
2018Smallfoot
42%
2018Duck Duck Goose
26%
2013Super Buddies
25%
TBDA White Lie
5%
TBDMegalopolis
3%

Score Distribution

Percentile by Number Answered

Percent of People with Each Score

Your Score History

You have not taken this quiz since the last reset